Lo más importante sobre el TLC
Guardat en:
| Autor corporatiu: | |
|---|---|
| Format: | Text |
| Publicat: |
San José:
COMEX
|
| Edició: | 2 |
| Matèries: | |
| Etiquetes: |
Afegir etiqueta
Sense etiquetes, Sigues el primer a etiquetar aquest registre!
|
MARC
| LEADER | 00000 a a2200000 04500 | ||
|---|---|---|---|
| 001 | 35345 | ||
| 003 | |||
| 040 | |||
| 020 | |a 978-9968-740-66-1 | ||
| 090 | |a 0001 C8375l | ||
| 110 | |a Costa Rica. Ministerio de Comercio Exterior | ||
| 245 | |a Lo más importante sobre el TLC | ||
| 250 | |a 2 | ||
| 260 | |a San José: |b COMEX | ||
| 300 | |a 33 p. | ||
| 650 | |a TLC | ||
| 650 | |a DESARROLLO | ||
| 650 | |a EMPLEO | ||
| 650 | |a AGRICULTURA | ||
| 650 | |a TELECOMUNICACIONES | ||
| 650 | |a MEDICAMENTOS | ||
| 650 | |a EDUCACION | ||
| 650 | |a COSTA RICA | ||
| 999 | |c 9815 |d 9815 | ||



